Kreditné deriváty a riziká s nimi spojené

Trh s kreditnými derivátmi zaznamenáva v posledných rokoch enormný nárast. Kreditné deriváty sú v rámci jednotlivých kategórií derivátov považované za najrizikovejšie, pretože v hre je ich celá nominálna hodnota. Kreditné deriváty sa všeobecne označujú za nástroje eliminujúce kreditné riziko. Špekul...

Descrizione completa

Salvato in:
Dettagli Bibliografici
Autore principale: Malacká, Viera
Natura: Capitolo di libro
Lingua:slovacco
Soggetti:
Tags: Aggiungi Tag
Nessun Tag, puoi essere il primo ad aggiungerne!!

MARC

LEADER 00000nla$a2200000$$$4500
001 0055400
005 20240502071631.5
041 0 |a slo 
044 |a SK 
245 1 0 |a Kreditné deriváty a riziká s nimi spojené  |c Viera Malacká 
520 |a Trh s kreditnými derivátmi zaznamenáva v posledných rokoch enormný nárast. Kreditné deriváty sú v rámci jednotlivých kategórií derivátov považované za najrizikovejšie, pretože v hre je ich celá nominálna hodnota. Kreditné deriváty sa všeobecne označujú za nástroje eliminujúce kreditné riziko. Špekulačné obchody s kreditnými derivátmi sú veľkým hazardom. Dôkazom sú obrovské straty bánk, finančných inštitúcii, ale aj výrobných podnikov. Tieto dôvody patria medzi hlavné argumenty v prospech regulácie a dohľadu nad obchodmi s týmito nástrojmi. Takéto kontrakty sa môžu niekedy len ťažko odlíšiť od záruk či poisťovacích kontraktov. 
610 2 0 |a trh finančný 
610 2 0 |a úver 
610 2 0 |a deriváty 
610 2 0 |a riziko likvidity 
610 2 0 |a riziko finančné 
610 2 0 |a riziko úverové 
610 2 0 |a obchod 
100 1 |a Malacká, Viera